5HLuxD.jpg

KING HENRY VIII SENIOR AND PRIMARY SCHOOL LIBRARY OPAC

Big Nate : (Record no. 2145)

000 -LEADER
fixed length control field 01129pam a2200325 i 4500
001 - CONTROL NUMBER
control field 016279624
003 - CONTROL NUMBER IDENTIFIER
control field Uk
005 - DATE AND TIME OF LATEST TRANSACTION
control field 20230313093152.0
008 - FIXED-LENGTH DATA ELEMENTS--GENERAL INFORMATION
fixed length control field 130204s2012 enka j 6 |000 1|eng d
015 ## - NATIONAL BIBLIOGRAPHY NUMBER
National bibliography number GBB314797
Source bnb
016 7# - NATIONAL BIBLIOGRAPHIC AGENCY CONTROL NUMBER
Record control number 016279624
Source Uk
020 ## - INTERNATIONAL STANDARD BOOK NUMBER
International Standard Book Number 9780007478323 (paperback) :
040 ## - CATALOGING SOURCE
Original cataloging agency StDuBDS
Language of cataloging eng
Transcribing agency StDuBDS
Modifying agency Uk
-- KH8
Description conventions rda
042 ## - AUTHENTICATION CODE
Authentication code ukblsr
082 04 - DEWEY DECIMAL CLASSIFICATION NUMBER
Classification number 741.56973 PEI
Edition number 23
100 1# - MAIN ENTRY--PERSONAL NAME
Personal name Peirce, Lincoln,
Relator term artist.
245 10 - TITLE STATEMENT
Title Big Nate :
Remainder of title here goes nothing /
Statement of responsibility, etc. Lincoln Peirce.
246 30 - VARYING FORM OF TITLE
Title proper/short title Here goes nothing
264 #1 - PRODUCTION, PUBLICATION, DISTRIBUTION, MANUFACTURE, AND COPYRIGHT NOTICE
Place of production, publication, distribution, manufacture London :
Name of producer, publisher, distributor, manufacturer HarperCollins Children's Books,
Date of production, publication, distribution, manufacture, or copyright notice 2012.
300 ## - PHYSICAL DESCRIPTION
Extent 215 pages :
Other physical details chiefly illustrations (black and white) ;
Dimensions 23 cm
336 ## - CONTENT TYPE
Content type term still image
Source rdacontent
336 ## - CONTENT TYPE
Content type term text
Source rdacontent
337 ## - MEDIA TYPE
Media type term unmediated
Source rdamedia
338 ## - CARRIER TYPE
Carrier type term volume
Source rdacarrier
500 ## - GENERAL NOTE
General note "These comic strips first appeared in newspapers between 9th June 2008 and 10 January 2009."--Title page verso.
500 ## - GENERAL NOTE
General note "9+"--cover.
500 ## - GENERAL NOTE
General note Formerly CIP.
Institution to which field applies Uk
650 #0 - SUBJECT ADDED ENTRY--TOPICAL TERM
Topical term or geographic name entry element Big Nate (Fictitious character)
Form subdivision Comic books, strips, etc.
-- Juvenile literature.
942 ## - ADDED ENTRY ELEMENTS (KOHA)
Source of classification or shelving scheme
Koha item type Books - Non Ficton
Holdings
Withdrawn status Lost status Source of classification or shelving scheme Damaged status Not for loan Collection code Permanent Location Current Location Shelving location Date acquired Total Checkouts Full call number Barcode Date due Date last seen Date last checked out Price effective from Koha item type
          Non-Fiction KH8 Primary School Library KH8 Primary School Library Non Fiction 2023-03-13 8 741.56973 PEI KHPL000003876 2023-12-15 2023-12-06 2023-12-06 2023-03-13 Books - Non Ficton

Powered By KH8 IT Dept